El corazón de la materia / Pierre Teilhard de Chardin, SJ

Kaydedildi:
Detaylı Bibliyografya
Yazar: Teilhard de Chardin, Pierre (autor)
Materyal Türü: Kitap
Seri Bilgileri:(El Pozo de Siquem ; 139)
Konular:
Etiketler: Etiketle
Etiket eklenmemiş, İlk siz ekleyin!

MARC

LEADER 00000nam^a2200000^u^4500
001 000551658
005 20250521000000.0
008 060220s1000^^^^^^^^^^^^r^^^^^000^0^spa^d
009 20260310131600.351
022 |a 8429314520 
035 |a FMI 000021443 
037 |a Acervo Xavier Clavigero 
096 |a 6.0/36/A 
100 |a Teilhard de Chardin, Pierre  |e (autor) 
245 1 3 |a El corazón de la materia / Pierre Teilhard de Chardin, SJ 
264 |a Santander : Sal Terrae, 2002 
300 |a 189 p. 
336 |a texto  |b txt  |2 rdacontenido 
337 |a sin mediación  |b n  |2 rdamedio 
338 |a volumen  |b nc  |2 rdasoporte 
440 3 |a (El Pozo de Siquem ;  |v 139) 
649 |a XX 
650 |a Filosofía 
910 |a Fondo Francisco Migoya Covarrubias S.J. 
920 |a Impresos - Libros 
930 |a Fondos Especiales 
905 |a 134 
901 |a SBC29363  |b IT2  |c ESP  |u 20250521 
902 |a https://opac.biblio.iteso.mx/vufind/Record/000551658